000 00331nam a22001337a 4500
082 _a823
_bCAM/S
100 _aCAMPBELL, ALASTAIR
245 _aSATURDAY BLOODY SATURDAY
246 _aSATURDAY BLOODY SATURDAY
_bSATURDAY BLOODY SATURDAY
260 _aU K
_bORION BOOKS
_c2018
300 _a401
650 _aENGLISH STORY
942 _cBK
999 _c9121
_d9121